Nommez tous les pays situés dans ou contre les Alpes et leurs capitale - Statistiques

Statistiques générales
  • Ce quiz a été pris 68 fois
  • Le résultat moyen est 20 sur 24
Statistiques - réponses
Hint Réponse % Correct
A
98%
F
98%
France
98%
Suisse
98%
IT
97%
Paris
94%
Pays Allemagne
92%
Berne
92%
Rome
92%
Autriche
91%
Italie
91%
Ville Berlin
89%
LI
86%
Vienne
86%
Liechtenstein
82%
SL
82%
Slovénie
82%
Abréviation D
72%
Ljubljana
69%
Vaduz
69%
Monaco
65%
Monaco
65%
CH
48%
MC
43%
Aucun quiz correspondant
Distribution des résultats
% des personnes avec chaque résultat
Percentile par nombre de réponses
Votre historique - résultats
Vous n’avez pas pris ce quiz